| 000 | 00791cam a22002773a 4500 | ||
|---|---|---|---|
| 001 | 8487 | ||
| 003 | PGUSA | ||
| 005 | 20140828083157.0 | ||
| 008 | 050701s2005||||xxu|||||s|||||000 1 eng d | ||
| 040 |
_aPGUSA _beng |
||
| 042 | _adc | ||
| 050 | 4 | _aPT | |
| 100 | 1 |
_aSudermann, Hermann, _d1857-1928 |
|
| 245 | 1 | 0 |
_aDame Care _h[electronic resource] / _cHermann Sudermann |
| 260 |
_bProject Gutenberg, _c2005 |
||
| 506 | _aPublic domain in the USA. | ||
| 516 | _aElectronic text | ||
| 653 | _aFarmers -- Germany -- Fiction | ||
| 653 | _aFamily farms -- Germany -- Fiction | ||
| 653 | _aSelf-sacrifice -- Fiction | ||
| 700 | 1 | _aOverbeck, Bertha | |
| 740 | 0 | _aFrau Sorge. English | |
| 830 | 0 |
_aProject Gutenberg _v8487 |
|
| 856 | 4 | 0 | _uhttp://www.gutenberg.org/ebooks/8487 |
| 942 | _cEB | ||
| 999 |
_c237787 _d237787 |
||